000 01189nam0a22003011 4500
001 v19\rc\1436096
005 20260405133522.0
035 _a(NLR Aleph) 004580838
090 _a2527201
_c2527201
100 _a20060620d1871 |||y0rusy50 ca
101 0 _arus
102 _aRU
105 _ay z |||||
200 1 _aЖитие преподобного отца нашего Петра, подвизавшегося на Афонской горе
_e(По Четии Минеи)
_f[Ковалев]
210 _aСанкт-Петербург
_cред. журн. "Мирской вестн."
_d1871
215 _a22 с.
300 _aАвт. указан в конце текста
311 _aБеспл. прил. к 5 кн. журн. "Мирской вестн." 1871 г.
422 0 _12001#$aМирской вестник$v1871, кн. 5
_tМирской вестник
700 1 _aКовалев
702 0 _4570
_8rus
_7ca
_aПетр Афонский
_cсвятой
_f-734
_3RU\NLR\AUTH\7754192
_937124
801 0 _aRU
_bNLR
_gpsbo
801 0 _aRU
_bRuMoRGB
_2psbo
801 1 _aRU
_bProSoft-M
_2rusmarc
852 _aNLR
_j18.87.6.399
942 _cBOOK
980 _aNB